000
00322nam a2200145Ia 4500
005
20241026120208.0
008
241026s9999 xx 000 0 und d
082
_b
Sal
100
_a
Salil Agarwal
245
2
_a
A Chapter Out Of My Life
260
_b
Ahemadabad, Express
260
_c
2020
300
_a
143
942
_c
DB
999
_c
8730
_d
8730